Normal view
MARC view
- Cerbino, Mauro
Entry Nombre Personal
001 - NUMERO DE CONTROL
- campo de control: 40965
003 - IDENTIFICADOR DE NUMERO DE CONTROL
- campo de control: UPN
005 - FECHA Y HORA DE LA ÜLTIMA TRANSACCIÓN
- campo de control: 20210219194602.0
008 - DATOS DE LONGITUD FIJA
- campo de control de longitud fija: nabaccnnaabn|||||||||| b |nc|||||d
035 ## - NUMERO DE CONTROL
- Número de control: UPN11000013072
040 ## - FUENTE DE CATALOGACIÓN
- Lenguaje de catalogación: SPA
- Agencia de transcripción: UPN
100 1# - ENCABEZAMIENTO - NOMBRE PERSONAL
- Nombre personal: Cerbino, Mauro
670 ## - FUENTE EN LA QUE SE LOCALIZARON DATOS
- Cita de la fuente: T
- Uniform Resource Identifier: https://www.flacso.edu.ec/portal/docencia/perfil/mauro-cerbino.7.0
680 ## - NOTA PUBLICA DE ACCESO PÚBLICO
- Frase explicativa de la referencia: Ecuador. Dr. en Antropología Urbana, Universitat Rovira i Virgili, España. Profesor investigador
902 ## - CATALOGADOR
- Catalogador: EMR/131217
